LES 10 MEILLEURS BUTEURS EN EQUIPE DE FRANCE - Statistiques

Statistiques générales
  • Ce quiz a été pris 232 fois
  • Le résultat moyen est 8 sur 10
Statistiques - réponses
RANG NOM BUTS SELECTIONS % Correct
3 KYLIAN MBAPPE 48 80
100%
4 ANTOINE GRIEZMANN 44 131
96%
1 OLIVIER GIROUD 57 135
96%
2 THIERRY HENRY 51 123
94%
8 ZINEDINE ZIDANE 31 108
92%
5 MICHEL PLATINI 41 72
81%
6 KARIM BENZEMA 37 97
79%
7 DAVID TREZEGUET 34 71
59%
9 JUST FONTAINE 30 21
58%
10 JEAN PIERRE PAPIN 30 54
47%
Aucun quiz correspondant
Distribution des résultats
% des personnes avec chaque résultat
Percentile par nombre de réponses
Votre historique - résultats
Vous n’avez pas pris ce quiz